00185nam a22000977a 4500040000700000082001000007100001300017245003100030260001600061300001000077 cSY a634p. aL.PANCEL aTropical forestry handbook aNAbPANcNA a162p.